000 00442nam a2200181Ia 4500
001 23938
005 20260414151010.0
008 260414t2009||||xx |||||||||||||| ||spa||
041 _aESP
082 _a724.09
_bF81
100 _aFrampton, Kenneth
_eAUT
245 0 _aHistoria crítica de la arquitectura moderna
_b
260 _c2009
300 _a446 páginas :
_c21 cm.
650 _aABD
654 _aCAU
942 _cLIB
_dJUS
_fJUS
_2ddc
_n
999 _c23938
_d23938